000 00616 a2200205 4500
020 _a0-471-41526-X
020 _a0-471-68057-5 (International ed.)
020 _a978-0-471-41526-8
040 _aDLC
_bDLC
082 0 4 _a530.41
100 1 _aKittel, Charles,
245 1 0 _aIntroduction to solid state physics
_cCharles Kittel
250 _a8. ed.
260 _aHoboken, N.J. :
_bWiley,
_cc2005
300 _axix, 680 s. :
_bill.
500 _a"Chapter 18, Nanostructures, was written by Professor Paul McEuen ..."
650 7 _aSolid state physics
700 1 _aMcEuen, Paul
_4aut
942 _cBK
_k530.41 KIT
_2ddc
999 _c7817
_d7817